000 00747cab a2200241 4500
001 WB2840-10
008 090401t1992 xxu||||| |||| 00| 0 eng d
035 _a(Sirsi) u38896
041 _aeng
245 _aInnovative housing block unsafe
260 _c1992
350 _a0
490 _aIndependent
_v10 October 1992, 8(1)
520 _aSurveyors in the London Borough of Tower Hamlets have declared an innovative 16-storey housing block, Keeling House designed by Sir Denys Lasdun as being unsafe.
650 _aBUILDING DEFECTS
650 _aCONCRETE PANELS
650 _aDEFECTS
650 _aSTRUCTURAL FAULTS
650 _aTOWER BLOCKS
690 _aBUILT ENVIRONMENT-BUILDING STANDARDS
942 _n0
948 _c04/03/1997
999 _c24944
_d24944